00753cam a2200241 a 4500001000800000005001700008008004100025010001700066020001500083040002400098041000800122042001100130080001000141082001800151100000600169101000800175245008500183504005600268906004500324942001200369999001700381952011300398111962720180119050547.0931215s1992 mdu b 000 0 eng c a 93244065  a1555720129 aMoSU-LcMoSU-LdDLC aeng alcnccp a174.200a174.2 REV2202 a4 aSHM14aThe accountability of bioethics committees and consultants /cSigrid Fry-Revere. aIncludes bibliographical references (p. [121]-141). a7bcbccnccpadaduencipf19gy-gencatlg 2ddccBK c40561d40561 00102udc40708PËKGa002b002cPËKGd2018-01-19l0o174.2 REVp002-2995935r2018-01-19w2018-01-19yBK